La argumentacion y efectos de las sentecias judiciales / (Registro nro. 2078)

Detalles MARC
000 -LEADER
fixed length control field 01191nam a2200289 4500
001 - CONTROL NUMBER
control field 0000017616
003 - CONTROL NUMBER IDENTIFIER
control field CO-CtgCURN
005 - DATE AND TIME OF LATEST TRANSACTION
control field 20250616194440.0
008 - FIXED-LENGTH DATA ELEMENTS--GENERAL INFORMATION
fixed length control field 160627s2000 000 0 eng d
020 ## - INTERNATIONAL STANDARD BOOK NUMBER
International Standard Book Number 9586761215
040 ## - CATALOGING SOURCE
Original cataloging agency CO-CtgCURN
Language of cataloging spa
Transcribing agency coctgcurn
082 0# - DEWEY DECIMAL CLASSIFICATION NUMBER
Classification number 347.077
Item number P37a
100 1# - MAIN ENTRY--PERSONAL NAME
Personal name Pérez Vásquez, Rodolfo.
245 13 - TITLE STATEMENT
Title La argumentacion y efectos de las sentecias judiciales /
Statement of responsibility, etc. Rodolfo Pérez Vásquez y Carlos Llanos Sánchez.
260 ## - PUBLICATION, DISTRIBUTION, ETC.
Place of publication, distribution, etc. Bogotá :
Name of publisher, distributor, etc. Ediciones Doctrina y Ley,
Date of publication, distribution, etc. 2000.
300 ## - PHYSICAL DESCRIPTION
Extent xxix, 103 p.
336 ## - CONTENT TYPE
Source rdacontent
337 ## - MEDIA TYPE
Source rdamedia
Media type term sin mediacion
Media type code n
338 ## - CARRIER TYPE
Source rdacarrier
Carrier type term volumen
Carrier type code nc
504 ## - BIBLIOGRAPHY, ETC. NOTE
Bibliography, etc. note Bibliografia (p. 63-34)
505 8# - FORMATTED CONTENTS NOTE
Formatted contents note Sentencia.--Estructura de la sentencia.--Argumentacion de las sentencia.--Argumentacion segun las diferentes escuelas juridicas.--Contenido de la sentencia.--La interpretacion de las leyes.--Viia de hecho en las providencias judiciales. Su enlace con la motivacion
650 #0 - SUBJECT ADDED ENTRY--TOPICAL TERM
Topical term or geographic name entry element Sentencias.
700 1# - ADDED ENTRY--PERSONAL NAME
Personal name Llanos Sánchez, Carlos.
908 ## - PUT COMMAND PARAMETER (RLIN)
Put command parameter 160627
942 ## - ADDED ENTRY ELEMENTS (KOHA)
Koha item type Libros
Classification part 347.077
Item part P37a
Source of classification or shelving scheme Dewey Decimal Classification
Suppress in OPAC No
Existencias
Withdrawn status Lost status Source of classification or shelving scheme Damaged status Not for loan Collection Home library Current library Shelving location Date acquired Inventory number Total checkouts Full call number Barcode Date last seen Copy number Price effective from Koha item type Public note
    Dewey Decimal Classification     General Miguel Henríquez Castañeda Miguel Henríquez Castañeda General 03/04/2019 003330   347.077 P37a 003330 03/04/2019 ej.1 03/04/2019 Libros 340-DEREC
    Dewey Decimal Classification       Miguel Henríquez Castañeda Miguel Henríquez Castañeda General 03/04/2019 003331   347.077 P37a 003331 03/04/2019 ej.2 03/04/2019 Libros 340-DEREC